000 00483nam a2200181Ia 4500
008 151202s9999||||xx |||||||||||||| ||und||
082 _bPNVM-19882
100 _aखांबेटे दं.पा.
245 _aपोटीमा.
260 _b---
260 _c0
300 _a0
600 _aखांबेटे दं.पा.
630 _aपोटीमा.
700 _aखांबेटे दं.पा.
730 _aपोटीमा.
942 _cBOOK
999 _c1285862
_d1285859